000 00820nam a2200277 i 4500
001 16306
003 ES-MaACL
005 20250804052218.0
007 t|
008 000828s1996 sp ||||1| spa d
020 _a84-493-0243-9
080 _a128
080 _a128(0:82)
080 _a82.09
100 1 _aAlbiac, Gabriel.
_919376
245 1 3 _aLa muerte
_b: metáforas, mitologías, símbolos /
_cGabriel Albiac.
250 _a1ª ed., 1ª reimp.
260 _aBarcelona :
_bPaidós Ibérica,
_c1996.
300 _a156 p. ;
_c21 cm.
490 1 _aPaidós biblioteca del presente ;
_v5
650 7 _aMuerte
_2embne
_915241
650 4 _aMuerte-
_xEn la literatura.
_9150023
830 0 _aPaidós biblioteca del presente ;
_v5
_9179759
852 _aES-MaACL
_jL-23576
_bR.128677
999 _c16306
_d16306